[Event "GRE-chT 41st"]
[Site "Achaia"]
[Date "2013.07.03"]
[Round "2.4"]
[White "Liodakis, Konstantinos Spyros"]
[Black "Skirianoglou, Dimitrios"]
[Result "0-1"]
[WhiteElo "2156"]
[BlackElo "2068"]
[PlyCount "70"]
[EventDate "2013.07.02"]
[EventType "team-swiss"]
[EventRounds "7"]
[EventCountry "GRE"]
[SourceTitle "CBM 155 Extra"]
[Source "ChessBase"]
[SourceDate "2013.08.26"]
[SourceVersion "1"]
[SourceVersionDate "2013.08.26"]
[SourceQuality "1"]
[WhiteTeam "Chania Kydon"]
[BlackTeam "Egaleo CN"]
[WhiteTeamCountry "GRE"]
[BlackTeamCountry "GRE"]

1. Nf3 Nf6 2. d4 e6 3. g3 b5 4. a4 b4 5. Bg2 Bb7 6. 0-0 c5 7. Nbd2 d5 8. c4 dxc4 9. Nxc4 cxd4 10. Qxd4 Nc6 11. Qxd8+ Rxd8 12. Bg5 Be7 13. Nfe5 Nxe5 14. Nxe5 Bxg2 15. Kxg2 Rd5 16. f4 h6 17. Bh4 g5 18. fxg5 hxg5 19. Bxg5 Rxe5 20. Bxf6 Bxf6 21. Rxf6 Rxe2+ 22. Kf3 Rhxh2 23. Kg4 Rxb2 24. Raf1 Rh7 25. a5 Rg7+ 26. Kf4 Ra2 27. Ke4 Rxa5 28. Kd4 Rg4+ 29. Kd3 Rxg3+ 30. Kc4 Rg4+ 31. Kb3 Ra3+ 32. Kb2 Rg2+ 33. Kb1 Rb3+ 34. Kc1 Rc3+ 35. Kb1 Rc7 0-1

[Event "GRE-chT 39th"]
[Site "Eretria"]
[Date "2011.07.06"]
[Round "5.11"]
[White "Kirgeridis, Panagiotis"]
[Black "Skirianoglou, Dimitrios"]
[Result "0-1"]
[WhiteElo "2019"]
[BlackElo "2044"]
[PlyCount "38"]
[EventDate "2011.07.03"]
[EventType "team-swiss"]
[EventRounds "7"]
[EventCountry "GRE"]
[SourceTitle "CBM 143 Extra"]
[Source "ChessBase"]
[SourceDate "2011.08.29"]
[SourceVersion "1"]
[SourceVersionDate "2011.08.29"]
[SourceQuality "1"]
[WhiteTeam "Polichnis"]
[BlackTeam "Aigaleo"]
[WhiteTeamCountry "GRE"]
[BlackTeamCountry "GRE"]

1. d4 Nf6 2. c4 e6 3. a3 c5 4. d5 exd5 5. cxd5 d6 6. Nc3 g6 7. Bg5 Bg7 8. e4 0-0 9. f3 Re8 10. Nge2 a6 11. a4 Nbd7 12. Ng3 Nxe4 13. Ngxe4 Qxg5 14. Kf2 Qe7 15. Qe2 f5 16. Ng3 Bd4+ 17. Ke1 Qf7 18. Nce4 fxe4 19. Nxe4 Nf6 0-1

[Event "GRE-chT 39th"]
[Site "Eretria"]
[Date "2011.07.04"]
[Round "3.5"]
[White "Skirianoglou, Dimitrios"]
[Black "Stavrianakis, Ioannis"]
[Result "0-1"]
[WhiteElo "2044"]
[BlackElo "2270"]
[PlyCount "118"]
[EventDate "2011.07.03"]
[EventType "team-swiss"]
[EventRounds "7"]
[EventCountry "GRE"]
[SourceTitle "CBM 143 Extra"]
[Source "ChessBase"]
[SourceDate "2011.08.29"]
[SourceVersion "1"]
[SourceVersionDate "2011.08.29"]
[SourceQuality "1"]
[WhiteTeam "Aigaleo"]
[BlackTeam "Heraklion CC"]
[WhiteTeamCountry "GRE"]
[BlackTeamCountry "GRE"]

1. e4 e6 2. d4 d5 3. Nd2 Nc6 4. Ngf3 Nf6 5. e5 Nd7 6. c3 f6 7. exf6 Qxf6 8. Nb3 Bd6 9. Be3 0-0 10. Qc2 e5 11. 0-0-0 e4 12. Ne1 Bf4 13. g3 Bxe3+ 14. fxe3 Nb6 15. Ng2 Qf3 16. Rg1 Bg4 17. Re1 Qf2 18. Be2 Bf3 19. Nf4 Qxe3+ 20. Qd2 Qxd2+ 21. Kxd2 Bxe2 22. Kxe2 Rae8 23. Nc5 Nd8 24. a4 c6 25. b4 g5 26. Nh5 Re7 27. Rgf1 Ref7 28. a5 Nc4 29. Rxf7 Rxf7 30. Rf1 Rxf1 31. Kxf1 Nd2+ 32. Ke2 Nf3 33. h3 Kf7 34. c4 Nxd4+ 35. Kd2 N4e6 36. Nd7 Ke7 37. Ne5 Nf7 38. Ng4 dxc4 39. Kc3 Nd6 40. Ne5 Nc7 41. Nxc4 Nd5+ 42. Kd4 Nxc4 43. Kxc4 e3 44. Kd3 Kf7 45. g4 Nf4+ 46. Kxe3 Nxh5 47. gxh5 Ke6 48. Ke4 h6 49. Kd4 b6 50. a6 Kf5 51. b5 cxb5 52. Kd5 Kf4 53. Kc6 b4 54. Kb7 b3 55. Kxa7 b2 56. Kb7 b1Q 57. a7 Qe4+ 58. Kb8 b5 59. a8Q Qxa8+ 0-1

[Event "Greece sim"]
[Site "Greece"]
[Date "2002.04.29"]
[Round "?"]
[White "Kortschnoj, Viktor Lvovich"]
[Black "Skirianoglou, Dimitrios"]
[Result "1-0"]
[WhiteElo "2633"]
[BlackElo "2082"]
[PlyCount "91"]
[EventDate "2002.04.28"]
[EventType "simul"]
[EventRounds "1"]
[EventCountry "GRE"]
[SourceTitle "EXT 2004"]
[Source "ChessBase"]
[SourceDate "2003.11.25"]
[SourceVersion "1"]
[SourceVersionDate "2003.11.25"]
[SourceQuality "1"]

1. d4 Nf6 2. c4 e6 3. Nc3 Bb4 4. Bg5 h6 5. Bh4 c5 6. d5 Bxc3+ 7. bxc3 d6 8. e3 e5 9. f3 Nbd7 10. Qc2 Qe7 11. Ne2 g5 12. Bf2 e4 13. Ng3 exf3 14. Nf5 fxg2 15. Bxg2 Qf8 16. Bg3 Ne5 17. 0-0 Bxf5 18. Rxf5 Nfd7 19. Qa4 Qe7 20. Bxe5 dxe5 21. Rb1 Rb8 22. d6 Qe6 23. Rbf1 0-0 24. Bd5 Qxd6 25. Rxf7 Rxf7 26. Rxf7 Nb6 27. Rxb7+ Nxd5 28. Rxb8+ Qxb8 29. cxd5 Qb1+ 30. Kf2 Qf5+ 31. Ke1 e4 32. Qe8+ Kg7 33. Qe7+ Kg6 34. Qxc5 Qf3 35. Qd6+ Kf7 36. Qg3 Qh1+ 37. Ke2 Qb1 38. Qc7+ Kg6 39. Qc6+ Kg7 40. Kf2 Qxa2+ 41. Kg3 Qb1 42. Kg4 Qg1+ 43. Kf5 Qxe3 44. Qd7+ Kf8 45. Kg6 Qb6+ 46. d6 1-0

[Event "Bouzakis Memorial-B"]
[Site "Chania"]
[Date "2000.08.21"]
[Round "2"]
[White "Skirianoglou, Dimitrios"]
[Black "Naxakis, Theodoros"]
[Result "0-1"]
[WhiteElo "2075"]
[BlackElo "1905"]
[PlyCount "72"]
[EventDate "2000.08.20"]
[EventType "tourn"]
[EventRounds "9"]
[EventCountry "GRE"]
[SourceTitle "EXT 2004"]
[Source "ChessBase"]
[SourceDate "2003.11.25"]
[SourceVersion "1"]
[SourceVersionDate "2003.11.25"]
[SourceQuality "1"]

1. e4 c5 2. c4 d6 3. Ne2 Nf6 4. Nbc3 g6 5. d4 cxd4 6. Nxd4 Bg7 7. Be2 0-0 8. 0-0 Nbd7 9. Be3 Nc5 10. f3 Nfd7 11. b4 Na6 12. a3 Nc7 13. Rc1 Ne5 14. f4 Nc6 15. Nb3 Ne6 16. Qd2 a6 17. Nd5 Bd7 18. Bb6 Qb8 19. b5 axb5 20. cxb5 Rxa3 21. bxc6 bxc6 22. Nxe7+ Kh8 23. Bf2 Rxb3 24. Nxc6 Bxc6 25. Rxc6 Rb2 26. Qd1 Nxf4 27. Bg4 Be5 28. g3 Ne6 29. Bxe6 fxe6 30. Bd4 Rxf1+ 31. Kxf1 Qb5+ 32. Kg1 Qxc6 33. Bxe5+ dxe5 34. Qd8+ Kg7 35. Qe7+ Kg8 36. Qd8+ Kf7 0-1

[Event "Peristeri op 2nd"]
[Site "Peristeri"]
[Date "1995.??.??"]
[Round "1"]
[White "Skirianoglou, Dimitrios"]
[Black "Mastrokoukos, Georgios"]
[Result "0-1"]
[WhiteElo "2165"]
[BlackElo "2425"]
[PlyCount "52"]
[EventDate "1995.??.??"]
[EventType "swiss"]
[EventRounds "7"]
[EventCountry "GRE"]
[SourceTitle "EXT 2004"]
[Source "ChessBase"]
[SourceDate "2003.11.25"]
[SourceVersion "1"]
[SourceVersionDate "2003.11.25"]
[SourceQuality "1"]

1. c4 Nf6 2. Nc3 g6 3. g3 Bg7 4. Bg2 0-0 5. e4 d6 6. Nge2 Nc6 7. 0-0 Rb8 8. d4 Bd7 9. d5 Na5 10. Qd3 c5 11. Rb1 a6 12. b4 cxb4 13. Rxb4 Ng4 14. f4 Qc7 15. Kh1 Qc5 16. a3 Nf2+ 17. Rxf2 Qxf2 18. Be3 Qe1+ 19. Bg1 Qa1 20. Nb1 Rbc8 21. Nd4 Rxc4 22. Nb3 Qb2 23. Nxa5 Rxb4 24. axb4 Qxb4 25. Nb3 Rc8 26. Nd4 Bxd4 0-1

[Event "Ikaros op"]
[Site "Ikaros"]
[Date "1995.??.??"]
[Round "1"]
[White "Skirianoglou, Dimitrios"]
[Black "Papahristou, Nikolaos"]
[Result "0-1"]
[WhiteElo "2150"]
[BlackElo "2075"]
[PlyCount "36"]
[EventDate "1995.??.??"]
[EventType "swiss"]
[EventRounds "9"]
[EventCountry "GRE"]
[SourceTitle "EXT 1997"]
[Source "ChessBase"]
[SourceDate "1996.11.15"]
[SourceVersion "1"]
[SourceVersionDate "1996.11.15"]
[SourceQuality "1"]

1. e4 c5 2. Nf3 Nc6 3. d4 cxd4 4. Nxd4 Nf6 5. Nc3 e5 6. Nf3 Bb4 7. Bd2 Bxc3 8. Bxc3 Nxe4 9. Bxe5 Nxe5 10. Qe2 Qa5+ 11. Kd1 Qd5+ 12. Ke1 0-0 13. c4 Qa5+ 14. Kd1 Nxf3 15. gxf3 Nf6 16. Bh3 d5 17. Bxc8 Raxc8 18. cxd5 Qxd5+ 0-1

[Event "CIF FT email"]
[Site "CServe email"]
[Date "1989.??.??"]
[Round "?"]
[White "Skirianoglou, Dimitrios"]
[Black "Papakosmas, Lambros"]
[Result "0-1"]
[WhiteElo "1875"]
[BlackElo "1840"]
[PlyCount "36"]
[EventDate "1989.??.??"]
[EventType "tourn (corr)"]
[EventRounds "10"]
[SourceTitle "E-Mail 2000"]
[Source "ChessBase"]
[SourceDate "2000.04.19"]
[SourceVersion "1"]
[SourceVersionDate "2000.04.19"]
[SourceQuality "1"]

1. e4 c5 2. Nf3 d6 3. d4 cxd4 4. Nxd4 Nf6 5. Nc3 g6 6. Be3 Bg7 7. f3 0-0 8. Qd2 Nc6 9. g4 Bxg4 10. fxg4 Nxg4 11. Nxc6 bxc6 12. Bd4 Bxd4 13. Qxd4 e5 14. Qg1 Qh4+ 15. Qg3 Qxg3+ 16. hxg3 f5 17. Rd1 Rad8 18. exf5 gxf5 0-1